Graham Greene (Record no. 350228)

000 -LEADER
fixed length control field 00441nam a22001817a 4500
003 - CONTROL NUMBER IDENTIFIER
control field OSt
005 - DATE AND TIME OF LATEST TRANSACTION
control field 20180116183010.0
008 - FIXED-LENGTH DATA ELEMENTS--GENERAL INFORMATION
fixed length control field 150901b xxu||||| |||| 00| 0 eng d
020 ## - INTERNATIONAL STANDARD BOOK NUMBER
International Standard Book Number 0
040 ## - CATALOGING SOURCE
Transcribing agency 0
082 ## - DEWEY DECIMAL CLASSIFICATION NUMBER
Classification number 813.54 ROC 1938
100 ## - MAIN ENTRY--PERSONAL NAME
Personal name Brighton Rock
245 ## - TITLE STATEMENT
Title Graham Greene
Statement of responsibility, etc. Brighton Rock
260 ## - PUBLICATION, DISTRIBUTION, ETC.
Place of publication, distribution, etc. Great Britain
Name of publisher, distributor, etc. Penguin Modern Classics
Date of publication, distribution, etc. 1938
300 ## - PHYSICAL DESCRIPTION
Extent 249 P.
Other physical details PB
600 ## - SUBJECT ADDED ENTRY--PERSONAL NAME
Personal name Brighton Rock
942 ## - ADDED ENTRY ELEMENTS (KOHA)
Source of classification or shelving scheme
Koha item type Book
Holdings
Withdrawn status Lost status Source of classification or shelving scheme Damaged status Not for loan Collection code Permanent Location Current Location Shelving location Date acquired Total Checkouts Full call number Barcode Date last seen Price effective from Koha item type
            Central Library (CL) Central Library (CL) Fiction 09/01/2015   813.54 ROC 1938 NBSD-2113 09/01/2015 09/01/2015 Book
© 2023 Central Library, National University of Sciences and Technology. All Rights Reserved.